000 00300nam a22001337a 4500
008 170602b xxu||||| |||| 00| 0 eng d
020 _a2900520228558
041 _aeng
080 _a94(7/8)
100 _a17
101 _aSHH
245 _aWHISPERS ON THE COLOR LINE
_cFINE,G.A
942 _2udc
_cBK
999 _c15733
_d15733